[Event "Ruhrgebiet Verbandsklasse Gruppe 1 1718"]
[Site "Germany"]
[Date "2017.11.05"]
[Round "3.7"]
[White "Mittmann, Sebastian"]
[Black "Doehmann, Joerg"]
[Result "1/2-1/2"]
[WhiteElo "1627"]
[BlackElo "1744"]
[PlyCount "53"]
[EventDate "2017.09.17"]
[EventType "team-tourn"]
[EventRounds "9"]
[EventCountry "GER"]
[SourceTitle "EXT 2022"]
[Source "ChessBase"]
[SourceDate "2021.10.06"]
[SourceVersion "1"]
[SourceVersionDate "2021.10.06"]
[SourceQuality "1"]
[WhiteTeam "Drewer SG"]
[BlackTeam "Wattenscheid SV III"]
[WhiteTeamCountry "GER"]
[BlackTeamCountry "GER"]

1. d4 d5 2. Nf3 Nf6 3. e3 e6 4. b3 Be7 5. Bb2 0-0 6. Bd3 b6 7. 0-0 Bb7 8. Nbd2 Nbd7 9. Rc1 c5 10. c4 cxd4 11. exd4 Rc8 12. Bb1 Rc7 13. Ne5 Qa8 14. Ndf3 h6 15. Nxd7 Nxd7 16. Qd3 Nf6 17. c5 Rfc8 18. Ne5 bxc5 19. dxc5 Rxc5 20. Rxc5 Bxc5 21. Ng4 Ne4 22. Kh1 f5 23. f3 fxg4 24. fxe4 dxe4 25. Qd7 Bf8 26. Rxf8+ Kxf8 27. Ba3+ 1/2-1/2

[Event "Ruhrgebiet VK2 1112"]
[Site "Nordrheinwestfalen"]
[Date "2012.03.25"]
[Round "8.8"]
[White "Mittmann, Sebastian"]
[Black "Fuchs, Karl Heinz"]
[Result "0-1"]
[WhiteElo "1658"]
[BlackElo "1725"]
[PlyCount "78"]
[EventDate "2012.09.18"]
[EventType "team-tourn"]
[EventRounds "9"]
[EventCountry "GER"]
[SourceTitle "EXT 2020"]
[Source "ChessBase"]
[SourceDate "2019.10.17"]
[SourceVersion "1"]
[SourceVersionDate "2019.10.17"]
[SourceQuality "1"]
[WhiteTeam "Drewer SG"]
[BlackTeam "Altenessen"]
[WhiteTeamCountry "GER"]
[BlackTeamCountry "GER"]

1. d4 Nf6 2. Nf3 e6 3. e3 Bb4+ 4. c3 Be7 5. Bd3 c5 6. b3 0-0 7. 0-0 b6 8. Bb2 Bb7 9. Nbd2 d5 10. Rc1 Nc6 11. Bb1 Re8 12. Ne5 Nxe5 13. dxe5 Ne4 14. Qc2 g6 15. Rcd1 Nxd2 16. Rxd2 Qc7 17. f4 c4 18. b4 a5 19. a3 b5 20. g4 Qc6 21. Rg2 d4 22. exd4 Qxg2+ 23. Qxg2 Bxg2 24. Kxg2 axb4 25. axb4 f6 26. exf6 Bxf6 27. Bc1 Kf7 28. Kf3 Ke7 29. h3 Ra6 30. Re1 Kd6 31. f5 gxf5 32. Bxf5 Bh4 33. Re2 Ra7 34. Bf4+ Kd7 35. Bxh7 Ra3 36. Bd2 Rf8+ 37. Ke4 Ra2 38. d5 e5 39. Kxe5 Re8+ 0-1

[Event "Ruhrgebiet VK1 0910"]
[Site "Ruhrgebiet"]
[Date "2009.09.06"]
[Round "1.8"]
[White "Balke, Reiner"]
[Black "Mittmann, Sebastian"]
[Result "1/2-1/2"]
[WhiteElo "1816"]
[BlackElo "1620"]
[PlyCount "22"]
[EventDate "2009.09.06"]
[EventType "team"]
[EventRounds "9"]
[EventCountry "GER"]
[SourceTitle "EXT 2011"]
[Source "ChessBase"]
[SourceDate "2010.11.26"]
[SourceVersion "1"]
[SourceVersionDate "2010.11.26"]
[SourceQuality "1"]
[WhiteTeam "Castrop Rauxel II"]
[BlackTeam "Drewer SG"]
[WhiteTeamCountry "GER"]
[BlackTeamCountry "GER"]

1. d4 d5 2. Nf3 Nf6 3. c4 c6 4. e3 e6 5. Bd3 Bd6 6. Nc3 Nbd7 7. Qc2 0-0 8. 0-0 e5 9. cxd5 exd4 10. exd4 cxd5 11. Bg5 h6 1/2-1/2

[Event "Dortmund op-B"]
[Site "Dortmund"]
[Date "2005.07.14"]
[Round "6"]
[White "Mittmann, Sebastian"]
[Black "Friedrich, Dieter"]
[Result "1/2-1/2"]
[WhiteElo "1457"]
[BlackElo "1724"]
[PlyCount "37"]
[EventDate "2005.07.08"]
[EventType "swiss"]
[EventRounds "9"]
[EventCountry "GER"]
[SourceTitle "CBM 107 Extra"]
[Source "ChessBase"]
[SourceDate "2005.09.01"]
[SourceVersion "1"]
[SourceVersionDate "2005.09.01"]
[SourceQuality "1"]

1. d4 d5 2. c4 c6 3. Nc3 Nf6 4. Bg5 e6 5. e3 Be7 6. Nf3 0-0 7. Bd3 Nbd7 8. 0-0 dxc4 9. Bxc4 Nb6 10. Bd3 Nbd5 11. a3 h6 12. Bh4 Nxc3 13. bxc3 Qa5 14. c4 Qh5 15. Qc2 g5 16. Bg3 g4 17. Nd2 Qg5 18. Bf4 Qg7 19. Be5 1/2-1/2

[Event "Dortmund op-B"]
[Site "Dortmund"]
[Date "2005.07.12"]
[Round "5"]
[White "Mittmann, Sebastian"]
[Black "Butschek, Gerhard"]
[Result "1-0"]
[WhiteElo "1457"]
[BlackElo "1696"]
[PlyCount "93"]
[EventDate "2005.07.08"]
[EventType "swiss"]
[EventRounds "9"]
[EventCountry "GER"]
[SourceTitle "CBM 107 Extra"]
[Source "ChessBase"]
[SourceDate "2005.09.01"]
[SourceVersion "1"]
[SourceVersionDate "2005.09.01"]
[SourceQuality "1"]

1. d4 d5 2. c4 dxc4 3. Nc3 c5 4. d5 e6 5. Qa4+ Qd7 6. dxe6 fxe6 7. Qxc4 a6 8. a4 h6 9. Bf4 Nc6 10. Nf3 Nf6 11. e3 Nb4 12. Ne4 Qd5 13. Nxf6+ gxf6 14. Qc3 e5 15. Rd1 Qe6 16. Bc4 Qe7 17. Nxe5 fxe5 18. Bxe5 Rh7 19. Bf6 Nc2+ 20. Qxc2 Qxf6 21. Qxh7 Qg7 22. Qxg7 Bxg7 23. b3 Bd7 24. 0-0 b5 25. axb5 axb5 26. Bd5 Rc8 27. Rc1 Ke7 28. Rfd1 Bf5 29. e4 Bg4 30. f3 Bd4+ 31. Rxd4 cxd4 32. Rxc8 Bxc8 33. b4 Kd6 34. Kf2 h5 35. h4 Ke5 36. Bf7 Kf4 37. g3+ Ke5 38. Bxh5 Bh3 39. Bg4 Bxg4 40. fxg4 Kxe4 41. Ke2 d3+ 42. Kd2 Kd4 43. h5 Kc4 44. h6 Kxb4 45. Kxd3 Ka5 46. h7 b4 47. h8Q 1-0

[Event "Dortmund op-B"]
[Site "Dortmund"]
[Date "2005.07.08"]
[Round "1"]
[White "Kurzeja, Marian"]
[Black "Mittmann, Sebastian"]
[Result "1/2-1/2"]
[WhiteElo "1783"]
[BlackElo "1457"]
[PlyCount "62"]
[EventDate "2005.07.08"]
[EventType "swiss"]
[EventRounds "9"]
[EventCountry "GER"]
[SourceTitle "CBM 107 Extra"]
[Source "ChessBase"]
[SourceDate "2005.09.01"]
[SourceVersion "1"]
[SourceVersionDate "2005.09.01"]
[SourceQuality "1"]

1. e4 c5 2. Nf3 e6 3. d4 cxd4 4. Nxd4 Nc6 5. Be3 a6 6. a4 Qc7 7. Be2 Nf6 8. Nc3 Bb4 9. f3 d5 10. 0-0 Bxc3 11. bxc3 dxe4 12. Nxc6 Qxc6 13. Bd4 exf3 14. Bxf3 Qc7 15. Qd3 Bd7 16. Rfb1 Bc6 17. Bb6 Qd7 18. Bd4 Rd8 19. Qe3 Nd5 20. Qf2 0-0 21. c4 Ne7 22. Bc5 Rfe8 23. Rd1 Qc8 24. Rxd8 Qxd8 25. Rd1 Qc8 26. Bh5 Ng6 27. Rf1 Qc7 28. Bb6 Qe7 29. a5 e5 30. Bc5 Qe6 31. Bxg6 Qxg6 1/2-1/2